000 00640nam a2200241Ia 4500
003 OSt
005 20220918225310.0
006 a|||||r|||| 00| 0
007 ta
008 220917b |||||||| |||| 00| 0 eng d
024 _a239,693
037 _cTextual
040 _aARTS
_cARTS
_beng
041 _2eng
_aeng
082 _aW:(y:6), L5
100 _aAndrain Charles F
_9121959
245 0 _aPolitical life and social change
250 _a2nd edition
260 _aCalifornia
_bDuxbury Press
_c1975
650 _aPOLITICAL SCIENCE
942 _hW:(y:6), L5
_cTEXL
_2CC
999 _c284284
_d284284